| 000 | 01546nam2a2200265 4500 | ||
|---|---|---|---|
| 001 | rc\2975033 | ||
| 005 | 20260315061853.0 | ||
| 035 | _a(NLR Aleph) 007120778 | ||
| 090 |
_a13608549 _c13608549 |
||
| 100 | _a20110908d1938 u y0rusy50 ca | ||
| 101 | 0 | _arus | |
| 102 | _aRU | ||
| 105 | _aa z ||||| | ||
| 200 | 1 |
_aТеоретическая механика _eПрограмма и метод. укзания для заочников. Физ.-мат. фак-т педагог. ин-тов |
|
| 210 | _d1938 | ||
| 215 |
_a62 с. _cчерт. |
||
| 300 | _aНа обороте тит. л.: "Автор метод. указаний - проф. Н.А. Попов" | ||
| 461 | 0 |
_1001rc\2975019 _12001#$a[Программы]$eВып. 1-$fУпр. высш. школы НКП РСФСР, Науч.-метод. кабинет по заоч. обуч.$vВып. 19 _96860415 _aНаучно-методический кабинет по заочному обучению учителей (Москва) _c[Москва] _d1938 _fУправление высшей школы НКП РСФСР, Науч.-метод. кабинет по заочному обучению _nНаркомпрос РСФСР _t[Программы] _vВып. 19 |
|
| 701 | 1 |
_aПопов _bН. А. _cд-р техн. наук, строит. материалы _f1899-1964 _gНиколай Анатольевич _9241586 _3RU\NLR\AUTH\770241642 |
|
| 801 | 0 |
_aRU _bNLR _gpsbo |
|
| 801 | 1 |
_aRU _bELAR _2rusmarc |
|
| 852 |
_aNLR _j37-18/278(19) |
||
| 942 | _cUNSPEC | ||
| 980 | _aNB | ||